Sách học tiếng Nga /
Spremljeno u:
| Glavni autor: | |
|---|---|
| Format: | Knjiga |
| Jezik: | Vietnamese |
| Izdano: |
Moscou :
Prosbesenhie ,
1983
|
| Teme: | |
| Oznake: |
Dodaj oznaku
Bez oznaka, Budi prvi tko označuje ovaj zapis!
|
| Thư viện lưu trữ: | Thư viện Trường CĐ Kỹ Thuật Cao Thắng |
|---|
| LEADER | 00619nam a2200205 a 4500 | ||
|---|---|---|---|
| 001 | TVCDKTCT2996 | ||
| 003 | Thư viện trường Cao đẳng Kỹ thuật Cao Thắng | ||
| 005 | 20050908000000 | ||
| 008 | 050908 | ||
| 980 | \ | \ | |a Thư viện Trường CĐ Kỹ Thuật Cao Thắng |
| 024 | |a RG_1 #1 eb0 i1 | ||
| 041 | 0 | # | |a vie |
| 082 | # | # | |a 491.78 / |b M400K-p |
| 100 | 1 | # | |a E.B Vichtoria |
| 245 | 0 | 0 | |a Sách học tiếng Nga / |c E.B Vichtoria |
| 260 | # | # | |a Moscou : |b Prosbesenhie , |c 1983 |
| 300 | # | # | |a 390tr. ; |c 20,5 cm |
| 650 | # | 4 | |a Tiếng Nga |
| 650 | # | 4 | |a Ngôn ngữ |
| 650 | # | 4 | |a Sách học tiếng Nga |